| 000 | 00728nam a2200229 i 4500 | ||
|---|---|---|---|
| 001 | 90142 | ||
| 003 | ES-MaACL | ||
| 005 | 20250824230753.0 | ||
| 007 | t| | ||
| 008 | 050118s1953 sp ||||1| spa d | ||
| 080 | _a396:28 | ||
| 100 | 1 |
_aLe Fort, Gertrud von. _970875 |
|
| 245 | 1 | 3 |
_aLa mujer eterna / _cGertrud von Le Fort ; [traducción de María Cleofé Aguilera]. |
| 260 |
_aMadrid : _bRialp, _c1953 ( _fMarisal) |
||
| 300 |
_a176 p. ; _c17 cm. |
||
| 490 | 1 |
_aPatmos. Libros de espiritualidad ; _v26 |
|
| 650 | 7 |
_aMujeres en el cristianismo _2embne _915332 |
|
| 700 | 1 |
_aAguilera, María Cleofé. _918766 |
|
| 830 | 1 | 0 |
_aPatmos (Rialp) _v26 _9181154 |
| 852 | 4 |
_aES-MaACL _jC-7422 |
|
| 999 |
_c90142 _d90142 |
||